000
00313nam a22001337a 4500
008
170930b xxu||||| |||| 00| 0 eng d
020
_a
9781428291935
041
_a
eng
080
_a
37
100
_a
47
101
_a
EDU
245
_a
KIRSZNER & MANDELL THE WADSWORTH HANDBOOK
_c
KIRSZNER, L.G
942
_2
udc
_c
BK
999
_c
31003
_d
31003